Football : Vainqueur de la Veikkausliiga - Statistiques

Statistiques générales
  • Ce quiz a été pris 4 fois
  • Le résultat moyen est 54 sur 116
Statistiques - réponses
Année Vainqueur % Correct
1911 | 1912 | 1917 | +30 others HJK Helsinki
100%
1930 | 1931 | 1933 | +4 others HIFK Helsinki
75%
1921 | 1922 | 1926 | +6 others HPS Helsinki
75%
1913 | 1915 | 1916 | 1955 KIF Helsinki
75%
1942 Toverit Helsinki
75%
1983 FC Ilves
25%
1956 | 1958 | 1966 | +5 others KuPS Kuopio
25%
1982 | 1984 | 1986 | +2 others Kuusysi Lahti
25%
2005 Myllykosken Pallo-47
25%
1979 | 1980 Oulun Palloseura
25%
1963 | 1967 | 1970 Reipas Lahti
25%
1945 | 1948 Vaasan Palloseura
25%
1909 AaltoUS
0%
1910 | 1920 | 1924 Åbo IFK
0%
1960 | 1962 | 1965 | +6 others FC Haka Valkeakoski
0%
1993 | 1996 FC Jazz Pori
0%
2016 IFK Mariehamn
0%
1950 Ilves-Kissat
0%
2008 Inter Turku
0%
1969 Kokkolan Palloveikot
0%
1951 | 1952 KTP Kotka
0%
1954 Pyrkivä Turku
0%
2015 SJK Seinäjoki
0%
1940 Sudet
0%
1994 Tampereen Pallo-Veikot
0%
2001 | 2006 | 2007 Tampere United
0%
1928 | 1939 | 1941 | +5 others TPS Turku
0%
1908 Unitas Sports Club
0%
1944 | 1946 | 1953 Vasa IFK
0%
Aucun quiz correspondant
Distribution des résultats
% des personnes avec chaque résultat
Percentile par nombre de réponses
Votre historique - résultats
Vous n’avez pas pris ce quiz